000
00197 a2200097 4500
020
_a
9780769642253
041
_a
spa
100
_a
Gurney, Stella
245
_a
El perrito caliente tonto
942
_c
BK
999
_c
29850
_d
29848